Statistiques concernant Villes d'Indochine française - Carte Quiz

Cliquez ici pour prendre le quiz!

Statistiques générales

  • Ce quiz a été pris 81 fois
  • Le résultat moyen est 6 sur 12

Réponses sur la Carte

Les réponses sont colorées sur une échelle allant du rouge au vert en fonction du pourcentage des utilisateurs qui les ont devinées à leur premier essai. Vous pouvez retrouver ces pourcentages ci-dessous.
 

Statistiques - réponses

Réponse% Correct
Hanoï
85%
Phnom Penh
84%
Saïgon/Hô Chi Minh-Ville
82%
Vientiane
77%
Fort-Bayard/Zhanjiang
60%
Haïphong
44%
Luang Prabang
42%
Tourane/Da Nang
42%
Hué
39%
Nha Trang
34%
Paksé
31%
Vinh
23%

Distribution des résultats

Percentile par nombre de réponses

% des personnes avec chaque résultat

Votre développement - résultats

Vous n’avez pas pris ce quiz